[Event "4NCL Online Division 5"]
[Site "online"]
[Date "2022.02.22"]
[EventDate "2022.02.22"]
[Round "3.82"]
[White "Robertson, John"]
[WhiteElo "1562"]
[WhiteTeam "Dundee City E"]
[Black "Khandelwal, Akshaj"]
[BlackElo "1131"]
[BlackTeam "Watford Juniors B"]
[Result "1-0"]
[PlyCount "81"]

1. d4 Nf6 2. Bg5 e6 3. Nd2 d5 4. f3 Nbd7 5. e3 h6 6. Bh4 Be7 7. Bd3 O-O 8. Ne2 c5 9. c3 Qb6 10. b3 cxd4 11. exd4 Re8 12. Bf2 Qc7 13. Rc1 Ba3 14. Rc2 b6 15. c4 Bb4 16. O-O Bb7 17. cxd5 Qd6 18. dxe6 Rxe6 19. Nc4 Qe7 20. Nf4 Rc6 21. Re2 Qd8 22. a3 Be7 23. Rfe1 Bd6 24. Ne5 Bxe5 25. dxe5 Nh7 26. Bb5 Rc7 27. Rd2 Nhf8 28. e6 a6 29. Bxd7 Nxd7 30. exd7 Bc6 31. Re8+ Qxe8 32. dxe8=Q+ Rxe8 33. Rd8 Rxd8 34. Qxd8+ Kh7 35. Qxc7 Bb5 36. Qxb6 g5 37. Nh5 Kg8 38. Qd8+ Kh7 39. g4 Bf1 40. Qf6 Bg2 41. Qg7# 1-0

[Event "4NCL Online Division 5"]
[Site "online"]
[Date "2022.02.22"]
[EventDate "2022.02.22"]
[Round "3.83"]
[White "Patel, Ananya"]
[WhiteElo "1101"]
[WhiteTeam "Watford Juniors B"]
[Black "McEvoy Gould. Kit"]
[BlackElo "1561"]
[BlackTeam "Dundee City E"]
[Result "0-1"]
[PlyCount "120"]

1. e4 c5 2. Nf3 d6 3. Bb5+ Bd7 4. Bxd7+ Nxd7 5. Nc3 Ngf6 6. d4 cxd4 7. Nxd4 a6 8. O-O e5 9. Nf3 b5 10. Bg5 Be7 11. Bxf6 Nxf6 12. Re1 O-O 13. a3 Qb6 14. h3 b4 15. axb4 Qxb4 16. Rb1 Rfc8 17. Qd3 a5 18. Qb5 Qxb5 19. Nxb5 Rxc2 20. Rec1 Rxc1+ 21. Rxc1 Nxe4 22. Rc7 Kf8 23. Nc3 Nxc3 24. Rxc3 f6 25. Kf1 d5 26. Rd3 e4 27. Rxd5 exf3 28. gxf3 a4 29. Rd1 a3 30. bxa3 Rxa3 31. Kg2 Kf7 32. Rd4 g5 33. h4 h6 34. hxg5 hxg5 35. f4 g4 36. f5 Rf3 37. Rxg4 Rxf5 38. Rh4 Kg6 39. f3 Bd6 40. Rh3 Rg5+ 41. Kf2 Kf5 42. Ke3 Bc5+ 43. Kd3 Kf4 44. Kc4 Ba7 45. Kd3 Rg3 46. Rxg3 Kxg3 47. Ke2 f5 48. Kf1 Kxf3 49. Ke1 Kg2 50. Ke2 f4 51. Ke1 f3 52. Kd2 f2 53. Ke2 f1=Q+ 54. Kd2 Qf3 55. Kc2 Qe3 56. Kb2 Qd3 57. Kc1 Be3+ 58. Kb2 Bd4+ 59. Kc1 Qe2 60. Kb1 Qb2# 0-1

[Event "4NCL Online Division 5"]
[Site "online"]
[Date "2022.02.22"]
[EventDate "2022.02.22"]
[Round "3.84"]
[White "Banerjee, Subhayu"]
[WhiteElo "1519"]
[WhiteTeam "Dundee City E"]
[Black "Patel, Aashna"]
[BlackElo "1078"]
[BlackTeam "Watford Juniors B"]
[Result "1-0"]
[PlyCount "59"]

1. e4 e5 2. Nf3 Nc6 3. Bc4 Nf6 4. d4 d5 5. exd5 Nxd5 6. Nxe5 Nxe5 7. dxe5 Be6 8. O-O Bc5 9. Qf3 c6 10. Qg3 g6 11. Rd1 f5 12. Bxd5 Bxd5 13. c4 O-O 14. cxd5 cxd5 15. Nc3 Qb6 16. Nxd5 Qb5 17. Nc7 Qe2 18. Bh6 f4 19. Bxf4 Rac8 20. Ne6 Rfe8 21. Nxc5 Rxc5 22. Re1 Qxb2 23. e6 Rc3 24. Qg4 Rc4 25. g3 Rc2 26. Be5 Qb6 27. Bd4 Qb4 28. Qf4 Rf8 29. Qe5 Qe7 30. Qh8# 1-0

[Event "4NCL Online Division 5"]
[Site "online"]
[Date "2022.02.22"]
[EventDate "2022.02.22"]
[Round "3.91"]
[White "Shetty, Ahan"]
[WhiteElo "1000"]
[WhiteTeam "MHJ Knights"]
[Black "Salkauskas, Deimantas"]
[BlackElo "1095"]
[BlackTeam "Colchester JFF C"]
[Result "1/2-1/2"]
[PlyCount "45"]

1. d4 f5 2. Nc3 Nf6 3. Bg5 e6 4. e4 Be7 5. Bd3 O-O 6. h3 Nc6 7. e5 Nd5 8. Nxd5 exd5 9. Bxe7 Qxe7 10. Qf3 Qb4+ 11. c3 Qxb2 12. Rd1 Qxc3+ 13. Rd2 Nxd4 14. Qxd5+ Kh8 15. Ne2 Nxe2 16. Bxe2 c6 17. Qd6 Rg8 18. Bh5 g6 19. Qf6+ Rg7 20. Qf8+ Rg8 21. Qf6+ Rg7 22. Qf8+ Rg8 23. Qf6+ 1/2-1/2

[Event "4NCL Online Division 5"]
[Site "online"]
[Date "2022.02.22"]
[EventDate "2022.02.22"]
[Round "3.92"]
[White "Ross, Drummer"]
[WhiteElo "1000"]
[WhiteTeam "Colchester JFF C"]
[Black "Qiu, Calvin"]
[BlackElo "1029"]
[BlackTeam "MHJ Knights"]
[Result "0-1"]
[PlyCount "78"]

1. e4 e5 2. Bc4 Nf6 3. d4 exd4 4. Nf3 d6 5. O-O Be7 6. Nxd4 Nxe4 7. Bxf7+ Kxf7 8. Qf3+ Nf6 9. Bg5 h6 10. Qb3+ d5 11. Bxf6 Bxf6 12. Rd1 Bxd4 13. Rxd4 Re8 14. Nc3 c6 15. Rf4+ Kg8 16. Rf1 Qg5 17. Rf3 Rf8 18. Rxf8+ Kxf8 19. Qb4+ Kg8 20. Qd6 Bh3 21. Qg3 Qxg3 22. fxg3 Be6 23. Ne2 Nd7 24. Nf4 Bf5 25. Nh5 Bxc2 26. Rf4 Re8 27. Rg4 Bd1 28. Rxg7+ Kh8 29. Rxd7 Bxh5 30. Rxb7 Rd8 31. Rxa7 d4 32. a4 d3 33. Rf7 Bxf7 34. Kf2 d2 35. Ke2 Bh5+ 36. Ke3 d1=Q 37. Ke4 Re8+ 38. Kf5 Qg4+ 39. Kf6 Qg6# 0-1

[Event "4NCL Online Division 5"]
[Site "online"]
[Date "2022.02.22"]
[EventDate "2022.02.22"]
[Round "3.93"]
[White "Bedretdinov, Rasul"]
[WhiteElo "935"]
[WhiteTeam "MHJ Knights"]
[Black "Wilde, Grace"]
[BlackElo "982"]
[BlackTeam "Colchester JFF C"]
[Result "0-1"]
[PlyCount "86"]

1. e4 e5 2. Nf3 Nc6 3. Bc4 Bc5 4. c3 Nf6 5. d4 exd4 6. O-O dxc3 7. e5 cxb2 8. Bxb2 Ng4 9. Bxf7+ Kxf7 10. Qd5+ Ke8 11. Qxc5 b6 12. Qc4 Nh6 13. e6 Kf8 14. Re1 Ne7 15. exd7 Qxd7 16. Ba3 Nf5 17. Qf4 Kg8 18. Nc3 Nc6 19. Rad1 Qf7 20. Nb5 g6 21. Qa4 Bb7 22. h3 Kg7 23. Bb2+ Kg8 24. Bxh8 Kxh8 25. Qc2 a6 26. Nc3 Nb4 27. Qb2 Bxf3 28. gxf3 c5 29. Nd5+ Kg8 30. Nxb4 cxb4 31. Qxb4 b5 32. Qe4 Rc8 33. Qe2 Nh4 34. Rd3 Rf8 35. Red1 Nxf3+ 36. Kh1 Nh4 37. Rd8 Rxd8 38. Rxd8+ Kg7 39. Qg4 Qxf2 40. Rd7+ Kh8 41. Rd8+ Kg7 42. Rd4 Nf3 43. Rd1 Qh2# 0-1

[Event "4NCL Online Division 5"]
[Site "online"]
[Date "2022.02.22"]
[EventDate "2022.02.22"]
[Round "3.94"]
[White "He, Kingsley"]
[WhiteElo "884"]
[WhiteTeam "Colchester JFF C"]
[Black "Groshong, William"]
[BlackElo "895"]
[BlackTeam "MHJ Knights"]
[Result "0-1"]
[PlyCount "72"]

1. e4 e5 2. Nf3 Nc6 3. Bc4 Bc5 4. c3 d6 5. d4 exd4 6. cxd4 Bb4+ 7. Nc3 Bg4 8. O-O Nf6 9. Bg5 h6 10. Bxf6 Qxf6 11. Nb5 Rc8 12. Qb3 a6 13. Bxf7+ Qxf7 14. Qxf7+ Kxf7 15. Nc3 Bxc3 16. bxc3 Bxf3 17. gxf3 g5 18. Rab1 b5 19. Rfc1 Rhg8 20. c4 Nxd4 21. cxb5 axb5 22. Rd1 Ne2+ 23. Kg2 Nc3 24. Rxb5 Nxb5 25. Rd5 Nc3 26. Rf5+ Ke6 27. a3 c5 28. Kf1 Rgf8 29. Rxf8 Rxf8 30. Kg2 c4 31. Kg3 Na2 32. a4 c3 33. a5 c2 34. a6 c1=Q 35. a7 Qg1+ 36. Kh3 Rxf3# 0-1

[Event "4NCL Online Division 5"]
[Site "online"]
[Date "2022.02.22"]
[EventDate "2022.02.22"]
[Round "3.101"]
[White "Garrood, Anthony"]
[WhiteElo "1526"]
[WhiteTeam "Guildford Castles 3"]
[Black "Lee, Xander"]
[BlackElo "1432"]
[BlackTeam "Barnet Knights D"]
[Result "1-0"]
[PlyCount "131"]

1. e4 e5 2. Nf3 Nc6 3. d4 exd4 4. Nxd4 Bc5 5. Nb3 Bb6 6. Nc3 Nf6 7. Bg5 d6 8. Qd2 Be6 9. O-O-O Qd7 10. Bxf6 gxf6 11. Nd5 Bxd5 12. exd5 Ne5 13. f4 Ng4 14. Re1+ Kd8 15. Nd4 Qa4 16. c3 Bxd4 17. cxd4 Qxa2 18. Qe2 Rg8 19. Qe7+ Kc8 20. Qxf7 Qa1+ 21. Kc2 Qa4+ 22. Kb1 Rd8 23. Qe6+ Qd7 24. Bb5 c6 25. dxc6 Qxe6 26. cxb7+ Kxb7 27. Rxe6 a6 28. Be2 Nh6 29. Rxf6 Ng8 30. Rf7+ Kc6 31. d5+ Kb6 32. Rc1 Rdc8 33. Rxc8 Rxc8 34. Rxh7 Nf6 35. Rh6 Rf8 36. g3 a5 37. Bf3 Kc5 38. Rg6 Nxd5 39. Bxd5 Kxd5 40. h4 Kc5 41. h5 Rh8 42. h6 d5 43. Kc2 Kd4 44. g4 Ke4 45. Rf6 d4 46. g5 Ke3 47. Rf7 d3+ 48. Kd1 d2 49. Rd7 Kxf4 50. g6 Rxh6 51. g7 Rg6 52. Kxd2 Ke5 53. Kc3 Ke6 54. Rb7 Kf6 55. Kc4 Rg4+ 56. Kb5 Rb4+ 57. Kxa5 Rxb7 58. g8=Q Ra7+ 59. Kb6 Rg7 60. Qd8+ Kg6 61. b4 Kh7 62. Qc7 Kh8 63. Qxg7+ Kxg7 64. Kc7 Kf6 65. b5 Ke5 66. b6 1-0

[Event "4NCL Online Division 5"]
[Site "online"]
[Date "2022.02.22"]
[EventDate "2022.02.22"]
[Round "3.102"]
[White "Arora, Aarna"]
[WhiteElo "1292"]
[WhiteTeam "Barnet Knights D"]
[Black "Celebi, Serhan"]
[BlackElo "1553"]
[BlackTeam "Guildford Castles 3"]
[Result "0-1"]
[PlyCount "100"]

1. d4 Nf6 2. c4 e6 3. Nc3 d5 4. Nf3 Bb4 5. Bg5 h6 6. Bxf6 Qxf6 7. e3 Nd7 8. a3 Bxc3+ 9. bxc3 O-O 10. cxd5 exd5 11. c4 dxc4 12. Bxc4 Nb6 13. Bb3 Bg4 14. h3 Bh5 15. O-O Rad8 16. Qe2 c5 17. dxc5 Nd5 18. Bxd5 Rxd5 19. Rac1 Rfd8 20. e4 Rd2 21. Qe3 R2d3 22. Qe1 Bxf3 23. gxf3 Qxf3 24. Rc2 Qxh3 25. f4 Rg3+ 26. Qxg3 Qxg3+ 27. Kh1 Qh3+ 28. Kg1 Rd3 29. Rg2 Rg3 30. Rxg3 Qxg3+ 31. Kh1 Qxa3 32. Kg2 Qxc5 33. Kf3 b5 34. Rb1 Qc3+ 35. Kg4 b4 36. Rd1 Qc2 37. Rd8+ Kh7 38. Ra8 Qe2+ 39. Kf5 a6 40. Ra7 Qb5+ 41. Kg4 f6 42. Ra8 h5+ 43. Kh4 b3 44. f5 Qb7 45. Rd8 Qxe4+ 46. Kxh5 Qxf5+ 47. Kh4 b2 48. Ra8 Qf4+ 49. Kh3 Qf3+ 50. Kh4 Qxa8 0-1

[Event "4NCL Online Division 5"]
[Site "online"]
[Date "2022.02.22"]
[EventDate "2022.02.22"]
[Round "3.103"]
[White "Cule, Jurica"]
[WhiteElo "1547"]
[WhiteTeam "Guildford Castles 3"]
[Black "Rowland, Benjamin"]
[BlackElo "1112"]
[BlackTeam "Barnet Knights D"]
[Result "1-0"]
[PlyCount "93"]

1. d4 Nf6 2. Nf3 d5 3. g3 Bf5 4. Bg2 e6 5. Nbd2 c5 6. c3 Nc6 7. O-O Bd6 8. b3 b5 9. Bb2 O-O 10. a4 bxa4 11. bxa4 c4 12. Ba3 Re8 13. Bxd6 Qxd6 14. Re1 Rab8 15. Nh4 Bg6 16. Nxg6 fxg6 17. e4 Nd7 18. e5 Qe7 19. Qg4 Rb2 20. Nf3 Reb8 21. Qf4 R8b3 22. Rec1 Ra3 23. Qe3 Na5 24. Rcb1 Rxb1+ 25. Rxb1 Rxa4 26. Bh3 Ra3 27. Ng5 Nf8 28. Rb8 Nc6 29. Bxe6+ Kh8 30. Rc8 Nd8 31. Qf3 Nfxe6 32. Nxe6 h6 33. Rxd8+ Kh7 34. Qf8 Qxf8 35. Rxf8 h5 36. Ra8 Rxc3 37. Rxa7 Rc1+ 38. Kg2 c3 39. Rxg7+ Kh8 40. Rc7 c2 41. Nf4 Kg8 42. Nxd5 Rd1 43. Rxc2 Rxd4 44. Nf6+ Kf7 45. Re2 Ke6 46. Re4 Rb4 47. Rxb4 1-0

[Event "4NCL Online Division 5"]
[Site "online"]
[Date "2022.02.22"]
[EventDate "2022.02.22"]
[Round "3.104"]
[White "Parikh, Yashvi"]
[WhiteElo "1193"]
[WhiteTeam "Barnet Knights D"]
[Black "Long, David"]
[BlackElo "1501"]
[BlackTeam "Guildford Castles 3"]
[Result "0-1"]
[PlyCount "72"]

1. e4 e5 2. Nf3 Nc6 3. c3 Nf6 4. Bd3 d5 5. Qe2 Bg4 6. O-O Bc5 7. Bc2 O-O 8. d3 h6 9. exd5 Qxd5 10. Bb3 Bxf3 11. Bxd5 Bxe2 12. Re1 Bxd3 13. Bxc6 bxc6 14. Nd2 Rfe8 15. Nf3 e4 16. Nd4 Bxd4 17. cxd4 Rad8 18. Be3 Nd5 19. Bd2 Rb8 20. b3 Nb4 21. Rac1 Nc2 22. Red1 Be2 23. Rxc2 Bxd1 24. Rxc6 Rb7 25. d5 Rd8 26. Rc4 Rxd5 27. Bxh6 Be2 28. h3 Bxc4 29. bxc4 Rd1+ 30. Kh2 gxh6 31. c5 c6 32. Kg3 Rb5 33. f3 e3 34. Kh4 e2 35. Kh5 e1=Q 36. Kxh6 Qh4# 0-1

[Event "4NCL Online Division 5"]
[Site "online"]
[Date "2022.02.22"]
[EventDate "2022.02.22"]
[Round "3.111"]
[White "McDonald, John-Paul"]
[WhiteElo "1503"]
[WhiteTeam "Stroud Middlies"]
[Black "Rasalingam, Rishi"]
[BlackElo "1167"]
[BlackTeam "Barnet Knights E"]
[Result "1-0"]
[PlyCount "127"]

1. d4 Nf6 2. c4 g6 3. Nf3 Bg7 4. Nc3 O-O 5. Bf4 d6 6. h3 Re8 7. e3 Nbd7 8. Be2 e5 9. dxe5 dxe5 10. Bg5 h6 11. Bh4 c5 12. O-O Qc7 13. Rc1 b6 14. Bg3 Bb7 15. Nb5 Qc6 16. Qd6 Re6 17. Qxc6 Rxc6 18. Nxe5 Nxe5 19. Bxe5 Nd7 20. Bxg7 Kxg7 21. Bf3 Ne5 22. Bxc6 Bxc6 23. Na3 Rd8 24. Rfd1 Re8 25. Rd6 h5 26. f4 Ba8 27. fxe5 Rxe5 28. Re1 Rg5 29. Re2 Be4 30. Nb5 Bf3 31. Rf2 Be4 32. Nxa7 Rg3 33. Rxb6 Rxe3 34. Rbf6 Kh6 35. Rxf7 Bd3 36. b3 Re1+ 37. Kh2 Re3 38. Nc6 Bf5 39. Rf6 Kg5 40. Rf8 h4 41. Nd8 Rg3 42. Nf7+ Kf6 43. Nd6+ Ke5 44. Nxf5 gxf5 45. R8xf5+ Ke4 46. Rxc5 Ke3 47. Rf3+ Rxf3 48. gxf3 Kxf3 49. a4 Kf4 50. a5 Kf3 51. a6 Kf4 52. a7 Kf3 53. a8=Q+ Kf4 54. Qf8+ Ke4 55. Qe7+ Kd4 56. Rd5+ Kc3 57. Qe3+ Kb4 58. Rb5+ Ka3 59. Qa7+ Kb2 60. c5 Kc3 61. c6 Kd3 62. c7 Ke4 63. c8=Q Kf3 64. Qg4# 1-0

[Event "4NCL Online Division 5"]
[Site "online"]
[Date "2022.02.22"]
[EventDate "2022.02.22"]
[Round "3.112"]
[White "Scheffel, Charlie"]
[WhiteElo "1179"]
[WhiteTeam "Barnet Knights E"]
[Black "Feeley, Joe"]
[BlackElo "1500"]
[BlackTeam "Stroud Middlies"]
[Result "0-1"]
[PlyCount "44"]

1. e4 e5 2. Nf3 Nf6 3. Nxe5 Nc6 4. Nxc6 dxc6 5. d3 Bc5 6. Be2 h5 7. Nc3 Ng4 8. d4 Bxd4 9. O-O Qh4 10. h3 Bxf2+ 11. Kh1 Qg3 12. Bxg4 hxg4 13. Rxf2 Qxf2 14. Bg5 Bd7 15. Qf1 Qxf1+ 16. Rxf1 f6 17. Bf4 O-O-O 18. Be3 a6 19. a4 gxh3 20. g3 h2 21. Ra1 Bg4 22. b3 Bf3# 0-1

[Event "4NCL Online Division 5"]
[Site "online"]
[Date "2022.02.22"]
[EventDate "2022.02.22"]
[Round "3.113"]
[White "Markey, Kevin D"]
[WhiteElo "1447"]
[WhiteTeam "Stroud Middlies"]
[Black "Chen, Fen"]
[BlackElo "1100"]
[BlackTeam "Barnet Knights E"]
[Result "0-1"]
[PlyCount "34"]

1. d4 f5 2. Nf3 e6 3. Bf4 Nf6 4. e3 Bb4+ 5. c3 Ba5 6. Bd3 O-O 7. O-O a6 8. b4 Bb6 9. a4 d6 10. Nbd2 Nbd7 11. Nc4 Ba7 12. Qe2 Qe8 13. Nfd2 b6 14. b5 axb5 15. axb5 Bb7 16. Nb2 Qg6 17. Rfe1 Qxg2# 0-1

[Event "4NCL Online Division 5"]
[Site "online"]
[Date "2022.02.22"]
[EventDate "2022.02.22"]
[Round "3.114"]
[White "Kuryan, Elizabeth"]
[WhiteElo "990"]
[WhiteTeam "Barnet Knights E"]
[Black "Fox, Leo"]
[BlackElo "1282"]
[BlackTeam "Stroud Middlies"]
[Result "1-0"]
[PlyCount "91"]

1. e4 e5 2. Nf3 Nc6 3. d4 exd4 4. Nxd4 Nf6 5. Nc3 Bb4 6. Qd3 Ne5 7. Qe3 d6 8. Bd2 O-O 9. a3 Ba5 10. Bd3 c5 11. Nf3 Nfg4 12. Qe2 Nxf3+ 13. Qxf3 Ne5 14. Qg3 Qb6 15. Bh6 Ng4 16. Bc1 h6 17. h3 Ne5 18. Bxh6 Ng6 19. Bc1 Bxc3+ 20. bxc3 Qa5 21. Bd2 Be6 22. h4 Rfd8 23. h5 Ne5 24. Be2 Bc4 25. h6 g6 26. Bxc4 Nxc4 27. h7+ Kh8 28. Qg5 Kg7 29. Qh6+ Kh8 30. Rh3 d5 31. Bg5 Qxc3+ 32. Rxc3 Rd6 33. Rf3 Ne5 34. Bf6+ Rxf6 35. Rxf6 Ng4 36. Qg5 Nxf6 37. Qxf6+ Kxh7 38. Qxf7+ Kh6 39. Ke2 dxe4 40. Rh1+ Kg5 41. Qe7+ Kf4 42. Rh4+ Kf5 43. Qxe4+ Kf6 44. Rf4+ Kg7 45. Qe7+ Kh6 46. Rh4# 1-0

[Event "4NCL Online Division 5"]
[Site "online"]
[Date "2022.02.22"]
[EventDate "2022.02.22"]
[Round "3.122"]
[White "Mo, Alex"]
[WhiteElo "1423"]
[WhiteTeam "Streatham C"]
[Black "Fell, Colin C"]
[BlackElo "1621"]
[BlackTeam "Crowthorne B"]
[Result "0-1"]
[PlyCount "130"]

1. d4 d5 2. c4 c6 3. Nc3 Bf5 4. Nf3 e6 5. Bg5 Nf6 6. e3 Be7 7. c5 Nbd7 8. Bd3 Ne4 9. Bxe7 Qxe7 10. Qc2 Ndf6 11. O-O O-O 12. b4 Nxc3 13. Qxc3 Ne4 14. Qc2 a6 15. a4 Rfb8 16. Rfb1 f6 17. b5 Rc8 18. bxc6 Rxc6 19. Rb3 e5 20. Bxe4 Bxe4 21. Qd1 Rb8 22. Nd2 Bg6 23. Ra2 Qd7 24. Rab2 Rc7 25. Rb4 b5 26. axb5 Rxb5 27. Rxb5 axb5 28. Qb3 Rb7 29. Qb4 Bd3 30. Qa5 Rb8 31. Nb1 exd4 32. exd4 Qe8 33. Na3 b4 34. h3 bxa3 35. Rxb8 Qxb8 36. Qxa3 Bc4 37. Qe3 Qb1+ 38. Kh2 Qe4 39. Qd2 Bb5 40. Qb2 Qe8 41. Qa3 Kf7 42. Qa7+ Qd7 43. Qb8 Bc6 44. Qf4 g5 45. Qe3 Qf5 46. Qg3 Qf4 47. Qxf4 gxf4 48. g3 Kg6 49. gxf4 Kf5 50. Kg3 Ke4 51. f3+ Kxd4 52. Kg4 Bd7+ 53. Kg3 Kxc5 54. h4 Kd6 55. h5 Bf5 56. h6 Kc5 57. Kf2 Kd4 58. Kg3 Ke3 59. Kh4 Kxf3 60. Kh5 Kxf4 61. Kh4 d4 62. Kh5 d3 63. Kh4 d2 64. Kh5 d1=Q+ 65. Kh4 Qg4# 0-1

[Event "4NCL Online Division 5"]
[Site "online"]
[Date "2022.02.22"]
[EventDate "2022.02.22"]
[Round "3.123"]
[White "Adhikari, Aanya"]
[WhiteElo "1164"]
[WhiteTeam "Crowthorne B"]
[Black "Maggs, Theo"]
[BlackElo "1400"]
[BlackTeam "Streatham C"]
[Result "0-1"]
[PlyCount "54"]

1. e4 c5 2. Nf3 g6 3. Nc3 Bg7 4. Bc4 Nc6 5. d3 Nf6 6. e5 Ng4 7. Bf4 Ngxe5 8. Nxe5 Nxe5 9. Bd5 O-O 10. Qe2 d6 11. Bxe5 Bxe5 12. O-O-O Qb6 13. Qf3 Be6 14. Bxe6 fxe6 15. Qh3 d5 16. Rde1 Rf5 17. g4 Bf4+ 18. Kb1 Re5 19. Rxe5 Bxe5 20. Re1 Bxc3 21. b3 Bxe1 22. Qf1 Bb4 23. Qe2 Ba3 24. Qe5 Rf8 25. f4 c4 26. dxc4 Qg1+ 27. Qe1 Qxe1# 0-1

[Event "4NCL Online Division 5"]
[Site "online"]
[Date "2022.02.22"]
[EventDate "2022.02.22"]
[Round "3.124"]
[White "Yordanov, Denislav"]
[WhiteElo "1390"]
[WhiteTeam "Streatham C"]
[Black "Coates, Benjamin"]
[BlackElo "1000"]
[BlackTeam "Crowthorne B"]
[Result "0-1"]
[PlyCount "188"]

1. e4 e6 2. d4 d5 3. Nc3 Ne7 4. Be3 b6 5. Bd3 Bb7 6. Nf3 Nd7 7. O-O c5 8. a3 Ng6 9. Re1 Be7 10. Qd2 h6 11. Rab1 a6 12. exd5 exd5 13. h3 Nf6 14. Rbd1 Qc7 15. Ne2 O-O 16. c4 Ne4 17. Bxe4 dxe4 18. Nh2 Rad8 19. Bf4 Nxf4 20. Qxf4 Qxf4 21. Nxf4 cxd4 22. Nf1 Rfe8 23. Nd2 Bf6 24. Nh5 Re6 25. Nxf6+ Rxf6 26. Nxe4 Rg6 27. Ng3 d3 28. Re3 d2 29. Re2 Rgd6 30. Ne4 Rg6 31. Ng3 Rgd6 32. Nf5 Re6 33. Rexd2 Rxd2 34. Rxd2 Kh7 35. Ng3 Bc8 36. Re2 Rc6 37. b3 Be6 38. Kf1 b5 39. Rc2 bxc4 40. bxc4 Bxc4+ 41. Ke1 Re6+ 42. Ne2 Bb5 43. g3 g5 44. Rd2 Kg6 45. Kd1 Ba4+ 46. Ke1 h5 47. Rd4 Bb5 48. Rd2 h4 49. g4 f5 50. f3 Re3 51. Kf2 Rxa3 52. Nd4 fxg4 53. Nxb5 axb5 54. fxg4 b4 55. Rb2 b3 56. Ke3 Kf6 57. Kd4 Ke6 58. Kc3 Ke5 59. Rf2 Ke4 60. Rf5 b2+ 61. Kxb2 Rxh3 62. Rxg5 Kf4 63. Rg8 Rg3 64. Kc1 Rxg4 65. Rf8+ Kg3 66. Kd1 Kg2 67. Rc8 h3 68. Rc2+ Kg1 69. Ke2 Rg2+ 70. Kd1 Rxc2 71. Kxc2 h2 72. Kc3 h1=Q 73. Kd4 Qh2 74. Ke4 Qf2 75. Kd5 Kg2 76. Kc4 Qf3 77. Kd4 Kf2 78. Kc4 Qe3 79. Kd5 Ke2 80. Kc4 Kd2 81. Kd5 Qf4 82. Ke6 Qg5 83. Kd6 Qf5 84. Kc6 Qe5 85. Kd7 Qf6 86. Ke8 Qg7 87. Kd8 Qf7 88. Kc8 Qe7 89. Kb8 Qd7 90. Ka8 Kd3 91. Kb8 Kc4 92. Ka8 Kb5 93. Kb8 Ka6 94. Ka8 Qb7# 0-1

[Event "4NCL Online Division 5"]
[Site "online"]
[Date "2022.02.22"]
[EventDate "2022.02.22"]
[Round "3.131"]
[White "Humeniuk, Michael"]
[WhiteElo "1510"]
[WhiteTeam "Hertford 3"]
[Black "Gibson, Stephen"]
[BlackElo "1518"]
[BlackTeam "Deaf England 2"]
[Result "1-0"]
[PlyCount "151"]

1. e4 a6 2. Nf3 e6 3. Bc4 b5 4. Bb3 Bb7 5. d3 c5 6. c4 Nf6 7. Qe2 d6 8. O-O Be7 9. Nc3 b4 10. Nd1 O-O 11. a3 Nc6 12. Bd2 a5 13. Ba4 Qb6 14. Ne3 Na7 15. Rfb1 Bc6 16. Bxc6 Nxc6 17. a4 Nd4 18. Nxd4 cxd4 19. Ng4 e5 20. b3 Nd7 21. f4 Nc5 22. fxe5 dxe5 23. Nxe5 f6 24. Nf3 f5 25. exf5 Rae8 26. Qf1 Rxf5 27. Ra2 Qg6 28. Be1 Ref8 29. Rf2 Bd6 30. Nh4 Rxf2 31. Bxf2 Qg4 32. Rb2 Qf4 33. g3 Qf6 34. Qe2 Qg5 35. Qd2 Qxd2 36. Rxd2 Nxb3 37. Rb2 Nc1 38. Bxd4 Nxd3 39. Rd2 Nc5 40. Bxg7 Kxg7 41. Rxd6 Nxa4 42. Ra6 b3 43. Rxa5 Rb8 44. Nf3 Nc3 45. Nd2 b2 46. Ra3 Ne2+ 47. Kf2 Nd4 48. Rd3 Nc2 49. Rc3 Na3 50. Rxa3 b1=Q 51. Nxb1 Rxb1 52. Rc3 Rb7 53. Kf3 Kf6 54. h3 Rc7 55. g4 Ke5 56. Ke3 Re7 57. Kf3 Kd4 58. Rc1 Rd7 59. Kf4 Rf7+ 60. Kg3 Rg7 61. Kh4 h6 62. Rd1+ Kxc4 63. Kh5 Rh7 64. Kg6 Rh8 65. h4 Kc5 66. Kg7 Re8 67. Kxh6 Re4 68. Kh5 Kc6 69. Rf1 Re5+ 70. Rf5 Re6 71. Kg5 Kd7 72. h5 Ke8 73. h6 Re7 74. Kg6 Re6+ 75. Rf6 Re7 76. h7 1-0

[Event "4NCL Online Division 5"]
[Site "online"]
[Date "2022.02.22"]
[EventDate "2022.02.22"]
[Round "3.132"]
[White "Mullins, Steven A"]
[WhiteElo "1323"]
[WhiteTeam "Deaf England 2"]
[Black "Lynch, Mark"]
[BlackElo "1430"]
[BlackTeam "Hertford 3"]
[Result "1-0"]
[PlyCount "139"]

1. f4 d6 2. Nf3 Nf6 3. e3 Nbd7 4. Be2 e5 5. fxe5 Nxe5 6. b3 Be7 7. Bb2 Nxf3+ 8. Bxf3 O-O 9. Nc3 c6 10. Qe2 d5 11. O-O-O a5 12. g4 h6 13. h4 Nh7 14. Qh2 f6 15. Ne2 Bd6 16. Qg2 Qc7 17. Nd4 Be5 18. Rdf1 Rf7 19. Be2 Bd7 20. Bd3 Raf8 21. Bg6 Re7 22. Qf3 Rd8 23. Bxh7+ Kxh7 24. g5 fxg5 25. hxg5 Qc8 26. gxh6 g6 27. Rfg1 Bf5 28. Nxf5 Qxf5 29. Qxf5 Bxb2+ 30. Kxb2 gxf5 31. Rh5 Rd6 32. Rg7+ Rxg7 33. hxg7+ Kxg7 34. Rxf5 Rf6 35. Re5 Kf7 36. Rh5 Kg7 37. Kc3 Rh6 38. Rxh6 Kxh6 39. Kd4 Kg6 40. Ke5 Kf7 41. Kd6 Ke8 42. Kc7 Ke7 43. Kxb7 c5 44. Kb6 c4 45. Kxa5 cxb3 46. axb3 Kd6 47. Kb4 Kc6 48. d3 Kb6 49. e4 Kc6 50. c3 Kd6 51. Kb5 dxe4 52. dxe4 Ke5 53. Kc4 Kxe4 54. b4 Ke5 55. Kc5 Ke6 56. Kc6 Ke7 57. Kc7 Ke6 58. b5 Kd5 59. b6 Kc5 60. b7 Kc4 61. b8=Q Kxc3 62. Qb5 Kd4 63. Kd6 Ke4 64. Qd5+ Ke3 65. Ke5 Kf2 66. Qd3 Ke1 67. Qc2 Kf1 68. Ke4 Kg1 69. Kf3 Kh1 70. Qg2# 1-0

[Event "4NCL Online Division 5"]
[Site "online"]
[Date "2022.02.22"]
[EventDate "2022.02.22"]
[Round "3.133"]
[White "Hurley, James"]
[WhiteElo "1255"]
[WhiteTeam "Hertford 3"]
[Black "Masterson, Desmond"]
[BlackElo "1001"]
[BlackTeam "Deaf England 2"]
[Result "0-1"]
[PlyCount "58"]

1. e4 e6 2. Bc4 d5 3. exd5 exd5 4. Qe2+ Be7 5. Bd3 Nf6 6. Nf3 O-O 7. O-O Re8 8. Re1 Bd6 9. Qd1 Ne4 10. Nc3 Nxc3 11. dxc3 Bg4 12. Be3 c5 13. Bxh7+ Kxh7 14. Qd3+ Kg8 15. Bd2 Bxf3 16. Rxe8+ Qxe8 17. Qxf3 Qc6 18. Bf4 Bxf4 19. Qxf4 Nd7 20. Re1 Nf6 21. b3 Re8 22. Rd1 Ne4 23. h3 Nxc3 24. Qg4 Nxd1 25. Qxd1 Qe6 26. Kf1 b5 27. c3 c4 28. b4 Qe4 29. f3 Qd3+ 0-1

[Event "4NCL Online Division 5"]
[Site "online"]
[Date "2022.03.08"]
[EventDate "2022.03.08"]
[Round "4.11"]
[White "Smith, Mark"]
[WhiteElo "1876"]
[WhiteTeam "Worcester Wolfpack"]
[Black "Madden, Steve"]
[BlackElo "1813"]
[BlackTeam "Beckenham"]
[Result "1-0"]
[PlyCount "85"]

1. e4 e6 2. d4 d5 3. e5 c5 4. c3 Nc6 5. Nf3 cxd4 6. Bd3 dxc3 7. Nxc3 Bb4 8. O-O Nge7 9. Bf4 Ng6 10. Bg3 O-O 11. h4 f5 12. h5 Bxc3 13. bxc3 Nge7 14. h6 Ng6 15. hxg7 Kxg7 16. Qd2 Bd7 17. Rfe1 Rc8 18. Rab1 b6 19. Bf4 Nxf4 20. Qxf4 Ne7 21. c4 Ng6 22. Qd4 Bc6 23. c5 bxc5 24. Qxc5 Rf7 25. Nd4 Ba8 26. Nxe6+ Kg8 27. Nxd8 Rxc5 28. Nxf7 Kxf7 29. Bxf5 d4 30. Be4 Bxe4 31. Rxe4 Ke6 32. Rxd4 Rxe5 33. Rb7 Ra5 34. Rxh7 Rxa2 35. Rh6 Ke5 36. Rd7 Nf4 37. Re7+ Kd5 38. g3 Ne2+ 39. Kg2 Nd4 40. Rd7+ Kc4 41. Rh4 Rd2 42. Rxa7 Rd3 43. Ra4+ 1-0

[Event "4NCL Online Division 5"]
[Site "online"]
[Date "2022.03.08"]
[EventDate "2022.03.08"]
[Round "4.12"]
[White "Padovan, Rodolfo"]
[WhiteElo "1837"]
[WhiteTeam "Beckenham"]
[Black "Collett, Ray A"]
[BlackElo "1822"]
[BlackTeam "Worcester Wolfpack"]
[Result "0-1"]
[PlyCount "22"]

1. e4 c5 2. Nf3 d6 3. d4 cxd4 4. Nxd4 Nc6 5. Nc3 Nf6 6. Bg5 e6 7. Qd2 Be7 8. O-O-O a6 9. f4 Qc7 10. Be2 h6 11. Bxf6 gxf6 0-1